000 00475nam a22001937a 4500
003 MPLRDC
005 20220104143121.0
008 210129b ||||| |||| 00| 0 eng d
020 _a957-8906-23-4
082 _a857.62 FWJQ v.12
100 _aERIE STANLEY GARDNER
245 _a苏菲亚之谜
_c
250 _a初版
260 _a
_b月房子出版社
_c1994
300 _b
490 _a法纲惊奇. 12
650 _a推理小说
942 _cBK
_o857.62 FWJQ v.12
999 _c36790
_d36780